|
|
|
|
| LEADER |
02220cas a2200301 a 4500 |
| 001 |
AALejournalIMF021829 |
| 008 |
230101c9999 xx r poo 0 0eng d |
| 020 |
|
|
|c 5.00 USD
|
| 020 |
|
|
|z 9781513584072
|
| 022 |
|
|
|a 1934-7685
|
| 040 |
|
|
|a BD-DhAAL
|c BD-DhAAL
|
| 110 |
2 |
|
|a International Monetary Fund.
|b Monetary and Capital Markets Department.
|
| 245 |
1 |
0 |
|a People's Republic of China-Hong Kong Special Administrative Region :
|b Financial Sector Assessment Program-Technical Note-Financial Safety Net and Crisis Management Arrangements.
|
| 264 |
|
1 |
|a Washington, D.C. :
|b International Monetary Fund,
|c 2021.
|
| 300 |
|
|
|a 1 online resource (26 pages)
|
| 490 |
1 |
|
|a IMF Staff Country Reports
|
| 500 |
|
|
|a <strong>Off-Campus Access:</strong> No User ID or Password Required
|
| 500 |
|
|
|a <strong>On-Campus Access:</strong> No User ID or Password Required
|
| 506 |
|
|
|a Electronic access restricted to authorized BRAC University faculty, staff and students
|
| 520 |
3 |
|
|a Hong Kong SAR has significantly strengthened its crisis management arrangements through a thorough update of the framework for resolution of financial institutions, as recommended by the 2014 Financial Sector Assessment Program. The 2017 Financial Institutions (Resolution) Ordinance (FIRO) creates a resolution regime that is clear, comprehensive in scope, and closely aligned with the Financial Stability Board (FSB) Key Attributes of Effective Resolution Regimes for Financial Institutions. Some aspects of the FIRO, such as the cross-sectoral scope of the regime, are particularly strong. To implement the regime, the Hong Kong Monetary Authority (HKMA) 2 has established a Resolution Office (RO) with clear operational separation from banking supervision.
|
| 538 |
|
|
|a Mode of access: Internet
|
| 650 |
|
7 |
|a International Agreements
|2 imf
|
| 650 |
|
7 |
|a International Organizations
|2 imf
|
| 650 |
|
7 |
|a Monetary Policy
|2 imf
|
| 650 |
|
7 |
|a Observance
|2 imf
|
| 651 |
|
7 |
|a Hong Kong Special Administrative Region, People's Republic of China
|2 imf
|
| 830 |
|
0 |
|a IMF Staff Country Reports; Country Report ;
|v No. 2021/119
|
| 856 |
4 |
0 |
|z Full text available on IMF
|u http://elibrary.imf.org/view/journals/002/2021/119/002.2021.issue-119-en.xml
|z IMF e-Library
|